|
|
|
|
| LEADER |
00980nam a22002657a 4500 |
| 001 |
41442 |
| 003 |
BD-DhAAL |
| 005 |
20231001163746.0 |
| 008 |
230924t ii a|||| b||| 001 0 eng d |
| 020 |
|
|
|a 9788176489423
|
| 020 |
|
|
|a 8176489425
|
| 040 |
|
|
|a BD-DhAAL
|d BD-DhAAL
|
| 082 |
|
|
|a 507.1242
|2 21
|
| 100 |
|
|
|a Joshi, S. R.
|9 55559
|
| 245 |
|
|
|a Teaching of science /
|c S. R. Joshi.
|
| 260 |
|
|
|a New Delhi :
|b A.P.H. Pub.,
|c 2005.
|
| 300 |
|
|
|a 383 pages :
|b illustrations ;
|c 23 cm.
|
| 504 |
|
|
|a Includes bibliographical references and index.
|
| 526 |
|
|
|a BIED
|
| 541 |
|
|
|a Complimentary copy from BIED
|e 41442
|
| 650 |
|
|
|a Science
|x Study and teaching.
|9 55560
|
| 852 |
|
|
|a Ayesha Abed Library
|c BIED Collection
|
| 942 |
|
|
|2 ddc
|c BK
|
| 999 |
|
|
|c 46159
|d 46159
|
| 952 |
|
|
|0 0
|1 0
|2 ddc
|4 0
|6 507_124200000000000_JOS
|7 0
|9 74418
|a BRACUL
|b BRACUL
|c GEN
|d 2023-09-24
|e Complimentary copy from BIED
|l 0
|o 507.1242 JOS
|p 3010041442
|r 2023-09-24
|w 2023-09-24
|y BK
|x Transferred from BIED to General Stacks
|